000 00190nam a22000857a 4500
041 _aENG
245 _aUryaparn Jan Dec 94 Vol 07
260 _aDelhi
_bGulrat Erery Devlopmars
_c1994
300 _a84
999 _c3175
_d3175